00606nam a2200157 a 450000100100000000500170001000800410002702000150006804000250008308200210010824500530012926001020018230000280028495201190031299900170043100004088220201002034440.0130910s2005 pr a 000 0 eng d a0865816123 aDO-SdBNPbengcBNPHU axxxxxxxbxxxxxxx00aTrans/Migrations : Graphics As Contemporary Art. aPuerto Rico, :bBiblioteca Nacional de Puerto RicobInstituto de Cultura Puertorriqueña,c2005. a407 p. :bil. ;c28 cm. 001050718MOaGRbGRcHDd2013-09-10iLF1l0oxxxxxxx xxxxxxxp40882-10r2020-06-25w2020-06-25y1ZNo se presta c40372d40372